000 00765nam a22002297a 4500
003 UA-OsUOA
001 64429
007 ta
008 20091104b un ||||| |||| 00| 0 ukr d
100 _aВерсаль Н.І.
700 _aКирій В.П.
090 _a330(477)
_bВ35
942 _cSA
040 _aUA-OsUOA
_bukr
_cUA-OsUOA
_dUA-OsUOA
245 _aОсобливості формування банками ресурсів із використанням боргових цінних паперів в умовах фінансової кризи
300 _aС.71-86
955 _a0
041 _aukr
080 _a330(477)
773 0 _w64413
_tФінанси України
_dК.
_d2009
_g10
650 7 _a330 Економіка взагалі
_2UDC
999 _c350500
_d350500